[Event "XX C.to Italiano UISP A"]
[Site "Camaiore ITA"]
[Date "1999.12.??"]
[Round "1"]
[White "Gazzarri, Alberto"]
[Black "Nelli, Luca"]
[Result "0-1"]
[WhiteElo "2210"]
[BlackElo "1882"]
[PlyCount "124"]
[EventDate "1999.12.04"]

1.e4 e5 2.Nf3 Nc6 3.Nc3 Nf6 4.Bb5 Nd4 5.Ba4 Bc5 6.Nxe5 O-O 7.Nd3 Bb6 8.e5 
Ne8 9.O-O f6 10.Nd5 fxe5 11.c3 e4 12.N3f4 Nf5 13.Bb3 Kh8 14.Qh5 Nh6 15.d4 
exd3 16.Nxd3 Nf6 17.Nxf6 Qxf6 18.Bxh6 gxh6 19.Ne5 d6 20.Ng4 Bxg4 21.Qxg4 
Bxf2+ 22.Kh1 Qe5 23.Rad1 Rae8 24.Bd5 Qg5 25.Bf3 Qxg4 26.Bxg4 Bh4 27.Bf3 b6
28.g3 Bf6 29.Rf2 Kg7 30.Rdf1 Re3 31.Kg2 Bd8 32.Bc6 Rxf2+ 33.Rxf2 Re5 34.
Kf1 h5 35.Bf3 h4 36.g4 h3 37.Bd1 Bh4 38.Re2 Kf6 39.Bc2 h6 40.Be4 Kg5 41.
Bc6 Kxg4 42.Bd7+ Kf3 43.Bc6+ Kf4 44.Bd7 Re3 45.Bc6 Rxe2 46.Kxe2 Bf6 47.Bd7
Be5 48.Bxh3 Kg5 49.Kf3 Bxh2 50.c4 c6 51.Bd7 d5 52.Bxc6 dxc4 53.Ke4 h5 54.
Bb5 Kg4 55.Bxc4 h4 56.b4 Bd6 57.Be6+ Kg3 58.b5 h3 59.Bxh3 Kxh3 60.Kd5 Bb4 
61.Kc6 Kg4 62.Kb7 Ba5 0-1

[Event "XX C.to Italiano UISP A"]
[Site "Camaiore ITA"]
[Date "1999.12.??"]
[Round "1"]
[White "Lucaroni, Massimiliano"]
[Black "Riccio, Eros"]
[Result "1-0"]
[WhiteElo "2275"]
[BlackElo "2096"]
[PlyCount "45"]
[EventDate "1999.12.04"]

1.e4 e5 2.Bc4 Nf6 3.d3 c6 4.Nf3 d5 5.Bb3 Bb4+ 6.Nbd2 Qc7 7.O-O O-O 8.Re1 
dxe4 9.dxe4 Bg4 10.c3 Bc5 11.Nc4 Nbd7 12.Bg5 b5 13.Ne3 Bh5 14.Nf5 h6 15.
Bxh6 gxh6 16.Qc1 Ng4 17.h3 Bxf2+ 18.Kf1 Bxe1 19.hxg4 Bg6 20.Qxh6 Bxf5 21.
gxf5 Bd2 22.Ng5 Nf6 23.Qg6+ 1-0

[Event "XX C.to Italiano UISP A"]
[Site "Camaiore ITA"]
[Date "1999.12.??"]
[Round "1"]
[White "Luciani, Valerio"]
[Black "Ragonese, Lucio Rosario"]
[Result "1/2-1/2"]
[WhiteElo "2229"]
[BlackElo "2010"]
[PlyCount "34"]
[EventDate "1999.12.04"]

1.d4 f5 2.g3 Nf6 3.Bg2 g6 4.Nd2 Bg7 5.c3 c6 6.Nh3 d6 7.Nf3 Ne4 8.Qb3 Qb6 
9.Qc2 Nd7 10.O-O O-O 11.Nf4 Ndf6 12.a4 Bd7 13.a5 Qc7 14.Qb3+ Kh8 15.Ne6 
Bxe6 16.Qxe6 Nd5 17.Bg5 h6 1/2-1/2

[Event "XX C.to Italiano UISP A"]
[Site "Camaiore ITA"]
[Date "1999.12.??"]
[Round "1"]
[White "Mazzilli, Piero"]
[Black "Sarno, Spartaco"]
[Result "0-1"]
[WhiteElo "2131"]
[BlackElo "2373"]
[PlyCount "86"]
[EventDate "1999.12.04"]

1.e4 d6 2.d4 g6 3.c4 Bg7 4.Nc3 Nc6 5.d5 Nd4 6.Be3 c5 7.dxc6 Nxc6 8.Rc1 Nf6
9.h3 O-O 10.Nge2 b6 11.b3 Bb7 12.g3 Nd7 13.Bg2 Nc5 14.O-O Qd7 15.Qd2 f5 
16.f4 fxe4 17.Kh2 Nb4 18.Bxc5 bxc5 19.Bxe4 Nc6 20.Rce1 Rad8 21.Bf3 e6 22.
Bg4 h5 23.Bf3 h4 24.Qd3 hxg3+ 25.Nxg3 Rxf4 26.Qxg6 Ne5 27.Rxe5 dxe5 28.Rd1
Rd4 29.Bg4 Bc8 30.Rf1 Rf8 31.Rxf8+ Kxf8 32.Nce4 Qf7 33.Qg5 Qf4 34.Qg6 Bb7 
35.Bxe6 Rxe4 36.Bd5 Bxd5 37.Qd6+ Ke8 38.Qb8+ Kf7 39.Qc7+ Kg8 40.Qd8+ Kh7 
41.Qxd5 Re2+ 42.Kh1 Qxg3 43.Qd3+ Qxd3 0-1

[Event "XX C.to Italiano UISP A"]
[Site "Camaiore ITA"]
[Date "1999.12.??"]
[Round "1"]
[White "Ottavi, Marco"]
[Black "Caruso, Augusto"]
[Result "0-1"]
[WhiteElo "1924"]
[BlackElo "2219"]
[PlyCount "84"]
[EventDate "1999.12.04"]

1.e4 e5 2.Nf3 Nc6 3.Bb5 f5 4.Nc3 fxe4 5.Nxe4 Nf6 6.Qe2 d5 7.Nxf6+ gxf6 8.
d4 Bg7 9.dxe5 O-O 10.e6 Ne5 11.Bf4 c6 12.Bd3 Re8 13.O-O Rxe6 14.Nd4 Re8 
15.Rfe1 Bg4 16.Qd2 Qb6 17.Bf5 Bh5 18.Ne6 Nf7 19.Be3 Qxb2 20.Bd4 Qa3 21.Re3
Qd6 22.Bc5 Qb8 23.Rae1 Ne5 24.Rg3 Bg6 25.Bh3 b6 26.Bd4 Qd6 27.f4 Rxe6 28.
Bxe6+ Qxe6 29.fxe5 fxe5 30.Qg5 Re8 31.Rge3 Be4 32.Bb2 Qg6 33.Qg3 Qxg3 34.
Rxg3 Kf7 35.Rf1+ Bf6 36.Re3 Ke6 37.c4 Rg8 38.g3 Be7 39.cxd5+ cxd5 40.Ba3 
Bg5 41.Ree1 Bd2 42.Rd1 Be3+ 0-1

[Event "XX C.to Italiano UISP A"]
[Site "Camaiore ITA"]
[Date "1999.12.??"]
[Round "1"]
[White "Paganelli, Roberto"]
[Black "Campanile, Antonio"]
[Result "0-1"]
[WhiteElo "1912"]
[BlackElo "2156"]
[PlyCount "107"]
[EventDate "1999.12.04"]

1.e4 d5 2.exd5 Qxd5 3.Nf3 Nf6 4.Be2 Nc6 5.O-O e5 6.d3 a6 7.Nc3 Qd6 8.Bg5 
Be7 9.Bxf6 gxf6 10.Ne4 Qb4 11.c3 Qxb2 12.Nfd2 f5 13.Nc4 Qb5 14.Ng3 Qc5 15.
Rc1 Bg5 16.Ne3 Be6 17.d4 Qa5 18.d5 O-O-O 19.c4 Nd4 20.Nc2 Nxe2+ 21.Qxe2 
Bd7 22.Rb1 Qd2 23.Rfe1 Qxe2 24.Rxe2 f6 25.Nb4 f4 26.Ne4 Bf5 27.f3 Bxe4 28.
fxe4 Rhg8 29.Reb2 f3 30.g3 Be3+ 31.Kf1 Rg4 32.Rb3 Bg5 33.Rxf3 Rxe4 34.h4 
Bd2 35.Rxf6 Rxc4 36.a3 Rc1+ 37.Rxc1 Bxc1 38.Nd3 Be3 39.Nxe5 Rxd5 40.Nc4 
Bc5 41.Rh6 Rd7 42.Ne5 Rg7 43.g4 Bd6 44.Nc4 Rxg4 45.Nxd6+ cxd6 46.Rxh7 a5 
47.h5 a4 48.h6 Rh4 49.Kg2 Kb8 50.Rh8+ Ka7 51.h7 b5 52.Rd8 Rxh7 53.Rxd6 Rf7
54.Re6 0-1

[Event "XX C.to Italiano UISP A"]
[Site "Camaiore ITA"]
[Date "1999.12.??"]
[Round "1"]
[White "Pipitone, Antonio"]
[Black "Cocchi, Andrea"]
[Result "1/2-1/2"]
[WhiteElo "2063"]
[BlackElo "2250"]
[PlyCount "85"]
[EventDate "1999.12.04"]

1.e4 d5 2.exd5 Qxd5 3.Nc3 Qa5 4.d4 Nf6 5.Nf3 Bg4 6.Be2 e6 7.O-O Nbd7 8.h3 
Bh5 9.Bf4 c6 10.Ne5 Bxe2 11.Qxe2 Nxe5 12.Bxe5 Be7 13.a3 O-O 14.b4 Qd8 15.
Rfd1 Nd5 16.Qg4 g6 17.Ne2 a5 18.c3 Qd7 19.Qf3 Ra6 20.Qd3 b5 21.Qd2 Rfa8 
22.Rab1 Nb6 23.Qh6 f6 24.Bh2 Nc4 25.Qc1 Kg7 26.Nf4 Bd6 27.Nd3 axb4 28.axb4
Bxh2+ 29.Kxh2 Ra2 30.Kg1 R8a3 31.Nc5 Qd6 32.Rb3 Ra7 33.Rb1 g5 34.Re1 e5 
35.Qd1 Rd2 36.Qh5 Rc2 37.dxe5 Nxe5 38.Rbd1 Qe7 39.Ne4 Qf7 40.Qxf7+ Nxf7 
41.Rd3 Re7 42.Kf1 Kg6 43.Rd2 1/2-1/2

[Event "XX C.to Italiano UISP A"]
[Site "Camaiore ITA"]
[Date "1999.12.??"]
[Round "1"]
[White "Prelati, Maurizio"]
[Black "Corvi, Marco"]
[Result "0-1"]
[WhiteElo "2129"]
[BlackElo "2308"]
[PlyCount "68"]
[EventDate "1999.12.04"]

1.e4 Nf6 2.e5 Nd5 3.d4 d6 4.c4 Nb6 5.f4 dxe5 6.fxe5 c5 7.Nf3 cxd4 8.Qxd4 
Qxd4 9.Nxd4 Bd7 10.Nc3 e6 11.Be3 Bb4 12.O-O-O Bxc3 13.bxc3 Ba4 14.Rd2 N8d7
15.Nf3 Rc8 16.Rd4 Bc6 17.Be2 Bxf3 18.Bxf3 Rxc4 19.Bxb7 Rxc3+ 20.Kd2 Rc7 
21.Ba6 O-O 22.Bf4 Nd5 23.Bg3 Rc5 24.Rb1 Ra5 25.Bc4 N5b6 26.Bb5 Rxa2+ 27.
Ke3 Nc5 28.Be1 Nd5+ 29.Kf3 f6 30.exf6 Rxf6+ 31.Kg3 Ra3+ 32.Kh4 Rh6+ 33.Kg5
Rxh2 34.g4 h6+ 0-1

[Event "XX C.to Italiano UISP A"]
[Site "Camaiore ITA"]
[Date "1999.12.??"]
[Round "1"]
[White "Tomescu, Vlad"]
[Black "Farina, Saverio"]
[Result "1-0"]
[WhiteElo "2453"]
[BlackElo "2142"]
[PlyCount "115"]
[EventDate "1999.12.04"]

1.e4 e6 2.d4 d5 3.Nc3 c5 4.exd5 exd5 5.dxc5 Nf6 6.Be3 Be7 7.Nf3 Nc6 8.Be2 
Be6 9.h3 O-O 10.O-O Rc8 11.a3 Ne4 12.Na4 f5 13.c3 f4 14.Bd4 Qe8 15.b4 Qg6 
16.Kh2 Qh6 17.Rc1 g5 18.Ne5 Nxe5 19.Bxe5 f3 20.Bxf3 Rxf3 21.Qxf3 g4 22.Bf4
Bg5 23.Bxg5 Nxg5 24.Qg3 Rf8 25.Rce1 Bd7 26.Re3 gxh3 27.f4 hxg2+ 28.Kxg2 
Bh3+ 29.Kg1 Bxf1 30.Qxg5+ Qxg5+ 31.fxg5 Bb5 32.Nb2 Rf1+ 33.Kg2 Ra1 34.a4 
Bc6 35.b5 Ra2 36.Re2 Bd7 37.Kf3 Kf7 38.Kf4 Be6 39.Ke5 Ke7 40.Rh2 Bg8 41.c6
bxc6 42.bxc6 Ra3 43.Kd4 Kd6 44.Rh6+ Kc7 45.g6 hxg6 46.Rxg6 Rb3 47.Rxg8 
Rxb2 48.Kc5 Rh2 49.Ra8 Rh5 50.Rxa7+ Kb8 51.Kb6 Rh6 52.a5 Rg6 53.a6 Rh6 54.
Rd7 Rh8 55.c7+ Kc8 56.Rd8+ Rxd8 57.cxd8=Q+ Kxd8 58.a7 1-0

[Event "XX C.to Italiano UISP A"]
[Site "Camaiore ITA"]
[Date "1999.12.??"]
[Round "1"]
[White "Unterthurner, Hans"]
[Black "Adinolfi, Vincenzo"]
[Result "0-1"]
[WhiteElo "1863"]
[BlackElo "2187"]
[PlyCount "47"]
[EventDate "1999.12.04"]

1.e4 c5 2.Nf3 Nc6 3.d4 cxd4 4.Nxd4 g6 5.Be3 Bg7 6.Nc3 Nf6 7.Bc4 O-O 8.Bb3 
Ng4 9.Qxg4 Nxd4 10.Qd1 Nxb3 11.cxb3 d6 12.Qd2 Bd7 13.Bd4 Bc6 14.Bxg7 Kxg7 
15.h4 h5 16.O-O-O Qa5 17.Kb1 Rac8 18.f4 f5 19.Qd4+ Kh6 20.Nd5 Rce8 21.e5 
e6 22.b4 Qxd5 23.exd6 Qxd4 24.Rxd4 0-1

[Event "XX C.to Italiano UISP A"]
[Site "Camaiore ITA"]
[Date "1999.12.??"]
[Round "1"]
[White "Vezzosi, Paolo"]
[Black "Gardon, Ermanno"]
[Result "1-0"]
[WhiteElo "2329"]
[BlackElo "2130"]
[PlyCount "63"]
[EventDate "1999.12.04"]

1.d4 Nf6 2.Nf3 c5 3.d5 e6 4.c4 exd5 5.cxd5 d6 6.Nc3 g6 7.e4 a6 8.a4 Bg4 9.
Qb3 Bxf3 10.Qxb7 Bxg2 11.Bxg2 Nbd7 12.Bh3 Ne5 13.O-O g5 14.f4 gxf4 15.Bxf4
Nfd7 16.Rf2 Qb8 17.Bxd7+ Nxd7 18.Qc6 Rg8+ 19.Kh1 Rg6 20.Raf1 Kd8 21.Bg3 f6
22.e5 dxe5 23.Ne4 f5 24.Bh4+ Be7 25.Bxe7+ Kxe7 26.d6+ Ke6 27.Rxf5 Qc8 28.
Ng5+ Rxg5 29.Qxc8 Rxc8 30.Rxg5 Kxd6 31.Rg7 Rb8 32.Rd1+ 1-0

[Event "XX C.to Italiano UISP A"]
[Site "Camaiore ITA"]
[Date "1999.12.??"]
[Round "1"]
[White "Zucconi, Leandro"]
[Black "Galioto, Natale"]
[Result "0-1"]
[WhiteElo "2180"]
[BlackElo "1934"]
[PlyCount "100"]
[EventDate "1999.12.04"]

1.d4 Nf6 2.Nf3 g6 3.Nbd2 Bg7 4.e4 d6 5.Bd3 Nbd7 6.O-O O-O 7.Re1 Re8 8.c3 
c6 9.a4 a5 10.h3 e5 11.dxe5 dxe5 12.Qc2 Nc5 13.Bc4 Nh5 14.Nb3 Be6 15.Bxe6 
Nxe6 16.Be3 Nhf4 17.Nc5 Ng5 18.Nh2 Ngxh3+ 19.Kh1 b6 20.Nb3 Ng5 21.Rad1 Qc7
22.Nd2 b5 23.Nb3 Nge6 24.g3 Nh5 25.Kg2 Nf6 26.Nc5 Nxc5 27.Bxc5 Rad8 28.f3 
Nd7 29.Be3 Nb6 30.b3 bxa4 31.bxa4 c5 32.Rb1 Nc4 33.Bg5 f6 34.Qb3 Qf7 35.
Bc1 Rd7 36.Rd1 Ne3+ 37.Bxe3 Qxb3 38.Rxb3 Rxd1 39.Bxc5 Rc8 40.Be3 Ra1 41.
Ng4 Rc7 42.Bb6 Rb7 43.c4 Rxa4 44.Ne3 Bf8 45.Rb5 Rb4 46.Bxa5 R7xb5 47.cxb5 
Rxb5 48.Bd8 Kf7 49.g4 Be7 50.Bc7 Ke6 0-1

[Event "XX C.to Italiano UISP A"]
[Site "Camaiore ITA"]
[Date "1999.12.??"]
[Round "2"]
[White "Adinolfi, Vincenzo"]
[Black "Tomescu, Vlad"]
[Result "0-1"]
[WhiteElo "2187"]
[BlackElo "2453"]
[PlyCount "76"]
[EventDate "1999.12.04"]

1.e4 c5 2.c4 Nc6 3.Nc3 g6 4.g3 Bg7 5.Bg2 e6 6.Nge2 Nge7 7.O-O d6 8.d3 O-O 
9.Be3 Nd4 10.Qd2 Qa5 11.Nxd4 cxd4 12.Nd5 Qd8 13.Nxe7+ Qxe7 14.Bg5 f6 15.
Bh6 e5 16.Bxg7 Kxg7 17.f4 Bd7 18.Rac1 a5 19.fxe5 dxe5 20.b3 Qb4 21.Rf2 
Rfc8 22.h4 b5 23.Qxb4 axb4 24.c5 Ra6 25.Kh2 Rac6 26.Rfc2 h5 27.Bf3 Bg4 28.
Kg2 Bxf3+ 29.Kxf3 f5 30.Ke2 Kf7 31.Kd2 Ke7 32.Ke2 fxe4 33.dxe4 Rf8 34.Rg1 
Rcf6 35.g4 hxg4 36.Rxg4 Rf2+ 37.Kd1 Rf1+ 38.Kd2 R8f2+ 0-1

[Event "XX C.to Italiano UISP A"]
[Site "Camaiore ITA"]
[Date "1999.12.??"]
[Round "2"]
[White "Arnetta, Maria Teresa"]
[Black "Mazzilli, Piero"]
[Result "1-0"]
[WhiteElo "1792"]
[BlackElo "2131"]
[PlyCount "61"]
[EventDate "1999.12.04"]

1.e4 g6 2.Nc3 c5 3.Nf3 Bg7 4.Bc4 Nc6 5.a3 a6 6.O-O b5 7.Ba2 Bb7 8.Re1 e6 
9.d3 Nge7 10.Rb1 O-O 11.Be3 Nd4 12.Ne2 Nxf3+ 13.gxf3 Qc7 14.Qd2 f5 15.Bh6 
Rf7 16.Bxg7 Kxg7 17.Ng3 f4 18.Ne2 d5 19.Qc3+ d4 20.Nxd4 Kh6 21.Nxe6 Qc8 
22.Qe5 Nf5 23.exf5 g5 24.h4 Bxf3 25.hxg5+ Kh5 26.Nxf4+ Kxg5 27.Nh3+ Kh6 
28.Qf4+ Kg7 29.Qg5+ Kf8 30.Bxf7 Ra7 31.Qg8# 1-0

[Event "XX C.to Italiano UISP A"]
[Site "Camaiore ITA"]
[Date "1999.12.??"]
[Round "2"]
[White "Campanile, Antonio"]
[Black "Vezzosi, Paolo"]
[Result "0-1"]
[WhiteElo "2156"]
[BlackElo "2329"]
[PlyCount "74"]
[EventDate "1999.12.04"]

1.c4 e5 2.Nc3 Nc6 3.Nf3 g6 4.g3 Bg7 5.Rb1 d6 6.d3 f5 7.Bg2 Nf6 8.Bg5 h6 9.
Bxf6 Bxf6 10.Nd2 O-O 11.Nd5 Bg7 12.e3 Be6 13.h4 Qd7 14.f4 Rae8 15.Kf2 Nd8 
16.Nc3 c6 17.Qa4 Nf7 18.Ne2 Qc7 19.b4 a6 20.d4 exd4 21.Nxd4 Qb6 22.Nxe6 
Rxe6 23.c5 dxc5 24.Nc4 Qb5 25.Qxb5 axb5 26.Na5 cxb4 27.Nxb7 Ra8 28.Rhe1 
Bf8 29.Rbc1 Rxa2+ 30.Re2 Ra6 31.Rec2 b3 32.Rc3 Ra2+ 33.Kf3 b2 34.Rb1 Bg7 
35.Rd3 Ra1 36.Rdd1 Ra3 37.Re1 Bd4 0-1

[Event "XX C.to Italiano UISP A"]
[Site "Camaiore ITA"]
[Date "1999.12.??"]
[Round "2"]
[White "Caruso, Augusto"]
[Black "Galioto, Natale"]
[Result "1-0"]
[WhiteElo "2219"]
[BlackElo "1934"]
[PlyCount "63"]
[EventDate "1999.12.04"]

1.e4 e6 2.d4 d5 3.Nc3 dxe4 4.Nxe4 Nf6 5.Bg5 Be7 6.Bxf6 Bxf6 7.Nf3 Bd7 8.
Bd3 Bc6 9.c3 Nd7 10.Qe2 Qe7 11.O-O Bxe4 12.Qxe4 c6 13.b4 g6 14.b5 O-O 15.
Rab1 cxb5 16.Bxb5 Nb6 17.a4 Rac8 18.Rfc1 Bg7 19.c4 Rc7 20.a5 Nc8 21.c5 Rd8
22.Ba4 e5 23.Nxe5 f6 24.Bb3+ Kf8 25.Qf4 g5 26.Qf5 Rxd4 27.Qxh7 Qxe5 28.
Qg8+ Ke7 29.Qxg7+ Ke8 30.Qg8+ Kd7 31.Re1 Ne7 32.Be6+ 1-0

[Event "XX C.to Italiano UISP A"]
[Site "Camaiore ITA"]
[Date "1999.12.??"]
[Round "2"]
[White "Cocchi, Andrea"]
[Black "Beggi, Pierluigi"]
[Result "1-0"]
[WhiteElo "2250"]
[BlackElo "2170"]
[PlyCount "79"]
[EventDate "1999.12.04"]

1.e4 c5 2.c4 g6 3.Nc3 Bg7 4.g3 Nc6 5.Bg2 e6 6.Nge2 Nge7 7.d3 O-O 8.O-O Rb8
9.Be3 Nd4 10.Rb1 d6 11.a3 Bd7 12.b4 b6 13.Qd2 Nec6 14.Bf4 Nxe2+ 15.Nxe2 
Be5 16.Bg5 Bf6 17.Bh6 Bg7 18.Bxg7 Kxg7 19.d4 Qe7 20.d5 exd5 21.cxd5 Ne5 
22.Qc3 f6 23.Nf4 g5 24.Ne2 Bb5 25.Rfe1 Bxe2 26.Rxe2 g4 27.Rc2 Rfc8 28.b5 
Ra8 29.h3 h5 30.f4 gxf3 31.Bxf3 Rh8 32.h4 Rag8 33.Rf1 Rh6 34.Bd1 Kh7 35.
Rf5 Ng4 36.Bf3 Qg7 37.Rg2 Re8 38.Bxg4 Qxg4 39.Rxf6 Qxe4 40.Rf7+ 1-0

[Event "XX C.to Italiano UISP A"]
[Site "Camaiore ITA"]
[Date "1999.12.??"]
[Round "2"]
[White "Corvi, Marco"]
[Black "Ferro, Mario"]
[Result "1/2-1/2"]
[WhiteElo "2308"]
[BlackElo "1807"]
[PlyCount "94"]
[EventDate "1999.12.04"]

1.c4 c6 2.Nf3 Nf6 3.g3 d5 4.b3 Bg4 5.Bg2 Nbd7 6.Bb2 e6 7.O-O h5 8.cxd5 
exd5 9.d3 Qc7 10.Nbd2 O-O-O 11.a4 Bd6 12.Ba3 Ne5 13.Bxd6 Qxd6 14.Nxe5 Qxe5
15.Nf3 Bxf3 16.exf3 h4 17.Qd2 hxg3 18.fxg3 Qd4+ 19.Qf2 Qxd3 20.Qxa7 Rde8 
21.a5 Qe3+ 22.Qxe3 Rxe3 23.a6 Kc7 24.Rfe1 d4 25.Rxe3 dxe3 26.a7 Ra8 27.Kf1
Kb6 28.Ke2 Rxa7 29.Rxa7 Kxa7 30.Kxe3 Kb6 31.Kd4 Kb5 32.Bf1+ Kb4 33.Bc4 Nd5
34.Bxd5 cxd5 35.h4 Kxb3 36.h5 b5 37.g4 f6 38.f4 b4 39.g5 fxg5 40.fxg5 Kc2 
41.h6 gxh6 42.gxh6 b3 43.h7 b2 44.h8=Q b1=Q 45.Qc8+ Kb2 46.Qc3+ Ka2 47.
Qa5+ Kb2 1/2-1/2

[Event "XX C.to Italiano UISP A"]
[Site "Camaiore ITA"]
[Date "1999.12.??"]
[Round "2"]
[White "Farina, Saverio"]
[Black "Unterthurner, Hans"]
[Result "1-0"]
[WhiteElo "2142"]
[BlackElo "1863"]
[PlyCount "103"]
[EventDate "1999.12.04"]

1.c4 Nf6 2.Nc3 d5 3.d4 g6 4.Nf3 Bg7 5.e3 O-O 6.Be2 c5 7.O-O dxc4 8.Bxc4 
Nc6 9.d5 Na5 10.Be2 b6 11.e4 e6 12.Bg5 h6 13.Bh4 exd5 14.e5 d4 15.exf6 
Bxf6 16.Bxf6 Qxf6 17.Ne4 Qc6 18.Ng3 Be6 19.Rc1 Rfd8 20.b3 Qd6 21.Qd2 Kg7 
22.Ne4 Qd5 23.Nxc5 bxc5 24.Qxa5 d3 25.Bd1 Rac8 26.Qc3+ Kh7 27.Nd2 Bf5 28.
Bf3 Qd6 29.Rfe1 Re8 30.Be4 Qf4 31.g3 Qd6 32.Re3 Rcd8 33.Rce1 Re5 34.Bxf5 
Rxf5 35.Re8 Qd4 36.Qxd4 Rxd4 37.R8e5 Rd6 38.Rxf5 gxf5 39.Nc4 Rd7 40.f4 a5 
41.Kf2 a4 42.Rd1 axb3 43.axb3 Ra7 44.Rxd3 Ra1 45.h4 Rb1 46.Ke2 f6 47.h5 
Rh1 48.Rd7+ Kg8 49.Kf3 Rb1 50.Rb7 Rh1 51.Nd6 Rxh5 52.Kg2 1-0

[Event "XX C.to Italiano UISP A"]
[Site "Camaiore ITA"]
[Date "1999.12.??"]
[Round "2"]
[White "Gardon, Ermanno"]
[Black "Paganelli, Roberto"]
[Result "1-0"]
[WhiteElo "2130"]
[BlackElo "1912"]
[PlyCount "87"]
[EventDate "1999.12.04"]

1.e4 e5 2.Nf3 Nc6 3.Bb5 a6 4.Ba4 Nf6 5.d4 exd4 6.O-O Be7 7.Qe2 O-O 8.e5 
Ne8 9.Rd1 d5 10.Bxc6 bxc6 11.Nxd4 Qd7 12.Be3 c5 13.Nb3 Qc6 14.c3 a5 15.a4 
Be6 16.N1d2 f6 17.exf6 Nxf6 18.Qb5 Qxb5 19.axb5 c4 20.Nxa5 Bd7 21.Nc6 Bxc6
22.bxc6 Rxa1 23.Rxa1 Bd6 24.Nf3 Rb8 25.Ra2 Ne4 26.g3 Nc5 27.Ra5 Nd3 28.
Rxd5 Nxb2 29.Ng5 h6 30.Ne4 Bf8 31.Rd7 Re8 32.Nc5 Bxc5 33.Bxc5 Nd3 34.Bd4 
Ne5 35.Bxe5 Rxe5 36.Rxc7 Re6 37.f4 Kh7 38.Rc8 Rd6 39.c7 Rc6 40.Kf2 Kg6 41.
Ke3 Kf7 42.Kd4 Ke7 43.Rg8 Rxc7 44.Rxg7+ 1-0

[Event "XX C.to Italiano UISP A"]
[Site "Camaiore ITA"]
[Date "1999.12.??"]
[Round "2"]
[White "Gazzarri, Alberto"]
[Black "Prelati, Maurizio"]
[Result "1/2-1/2"]
[WhiteElo "2210"]
[BlackElo "2129"]
[PlyCount "81"]
[EventDate "1999.12.04"]

1.e4 c5 2.c3 d5 3.exd5 Qxd5 4.d4 Nc6 5.Nf3 cxd4 6.cxd4 e5 7.Nc3 Bb4 8.dxe5
Qxd1+ 9.Kxd1 Bg4 10.Bg5 Nge7 11.Bxe7 Bxe7 12.Be2 O-O-O+ 13.Ke1 Bxf3 14.
gxf3 Nxe5 15.Rd1 Rxd1+ 16.Kxd1 Rd8+ 17.Kc2 f5 18.Rd1 Rxd1 19.Nxd1 Bc5 20.
f4 Nd7 21.Kc3 Bd6 22.Ne3 Bxf4 23.Nxf5 Bxh2 24.Kc4 Be5 25.b3 Nb6+ 26.Kd3 
Kc7 27.Ke4 Bf6 28.Ne3 Kd6 29.Nc4+ Nxc4 30.Bxc4 h5 31.Kf5 Kc5 32.a4 a6 33.
Bf7 h4 34.Kg4 a5 35.f3 b6 36.Kh3 Kd4 37.Kg2 Ke3 38.Be6 Kf4 39.Bg4 Ke3 40.
Be6 Kd4 41.Bd7 1/2-1/2

[Event "XX C.to Italiano UISP A"]
[Site "Camaiore ITA"]
[Date "1999.12.??"]
[Round "2"]
[White "Nelli, Luca"]
[Black "Lucaroni, Massimiliano"]
[Result "1-0"]
[WhiteElo "1882"]
[BlackElo "2275"]
[PlyCount "107"]
[EventDate "1999.12.04"]

1.c4 e6 2.Nf3 f5 3.g3 Nf6 4.b3 Be7 5.Bb2 O-O 6.Bg2 d6 7.O-O Qe8 8.d4 Qh5 
9.e3 Bd7 10.Nc3 Qh6 11.Nd2 Nc6 12.d5 Ne5 13.dxe6 Bxe6 14.Nd5 Bd8 15.h3 c6 
16.Nxf6+ Bxf6 17.Qc2 Rad8 18.Rad1 Kh8 19.f4 Nf7 20.Kh2 d5 21.cxd5 Bxd5 22.
e4 fxe4 23.Nxe4 Bxe4 24.Bxe4 Bxb2 25.Qxb2 Nd6 26.Bb1 Rf6 27.Rfe1 Rdf8 28.
Rd2 Re6 29.Rxe6 Qxe6 30.Re2 Qf6 31.Qxf6 Rxf6 32.Re7 Kg8 33.Rd7 a5 34.Kg2 
b5 35.Kf3 g6 36.Ra7 Nf5 37.Bxf5 gxf5 38.Rxa5 Rd6 39.g4 Rd3+ 40.Kg2 Rd2+ 
41.Kg3 Kf7 42.Ra7+ Kg6 43.Rc7 Rc2 44.a4 bxa4 45.bxa4 Rc3+ 46.Kh4 Rc4 47.a5
fxg4 48.hxg4 Rxf4 49.Rxc6+ Kg7 50.a6 Ra4 51.Kh5 Kf7 52.g5 Ra1 53.Rc7+ Ke6 
54.Rxh7 1-0

[Event "XX C.to Italiano UISP A"]
[Site "Camaiore ITA"]
[Date "1999.12.??"]
[Round "2"]
[White "Pieraccini, Carlo Alberto"]
[Black "Luciani, Valerio"]
[Result "0-1"]
[WhiteElo "1733"]
[BlackElo "2229"]
[PlyCount "122"]
[EventDate "1999.12.04"]

1.d4 f5 2.Bg5 g6 3.e3 Bg7 4.Bc4 d5 5.Bd3 Be6 6.c3 c6 7.Nf3 Nd7 8.Nbd2 Nh6 
9.Bf4 Bg8 10.Qc2 Nf7 11.Ng5 Nxg5 12.Bxg5 Qc7 13.f4 c5 14.Bb5 Be6 15.Nf3 h6
16.Bh4 Kf7 17.O-O Bf6 18.Bg3 Nf8 19.Rad1 c4 20.Ba4 Qa5 21.b4 Qa6 22.b5 Qa5
23.Rb1 Nd7 24.Rb4 Nb6 25.Rfb1 Bd7 26.Qd1 a6 27.Ne5+ Bxe5 28.dxe5 e6 29.e4 
fxe4 30.Bf2 Nxa4 31.Qxa4 Qxa4 32.Rxa4 Bxb5 33.Rab4 g5 34.Be3 Kg6 35.Rf1 
Raf8 36.Rb2 gxf4 37.Bxf4 d4 38.g3 dxc3 39.Rc2 Bc6 40.Rxc3 b5 41.Rb1 h5 42.
h4 Rh7 43.Rd1 Bd5 44.Rb1 Rb7 45.Ra3 Ra8 46.Bd2 Bc6 47.Bb4 Rf7 48.Bd2 Rf3 
49.Rxf3 exf3 50.Ba5 Ra7 51.Bb4 a5 52.Bc5 Rd7 53.Bd6 b4 54.Kf2 Be4 55.Rc1 
b3 56.axb3 cxb3 57.Ba3 Kf5 58.Ke1 Rb7 59.Bb2 a4 60.Ra1 Rc7 61.Rxa4 Rc2 0-1

[Event "XX C.to Italiano UISP A"]
[Site "Camaiore ITA"]
[Date "1999.12.??"]
[Round "2"]
[White "Ragonese, Lucio Rosario"]
[Black "Pipitone, Antonio"]
[Result "1/2-1/2"]
[WhiteElo "2010"]
[BlackElo "2063"]
[PlyCount "102"]
[EventDate "1999.12.04"]

1.d4 Nf6 2.Nf3 g6 3.Bg5 Bg7 4.Nbd2 d6 5.e4 O-O 6.Bc4 c5 7.dxc5 dxc5 8.O-O 
Nc6 9.c3 Bg4 10.Qe2 Ne5 11.Bb3 Qc7 12.h3 Bxf3 13.Nxf3 Nxf3+ 14.Qxf3 c4 15.
Bc2 Rfe8 16.Rfd1 Nd7 17.Qe3 Nc5 18.Rd5 Ne6 19.Bh6 Be5 20.Rad1 a6 21.Rd7 
Qc6 22.R7d5 Qc7 23.g3 Rad8 24.f4 Bd6 25.Kg2 Bc5 26.Qe2 b5 27.f5 Rxd5 28.
Rxd5 Nf8 29.Qd1 e6 30.fxe6 Nxe6 31.Qf3 Bd6 32.Be3 Rb8 33.Bf2 a5 34.Qd1 Be5
35.Rd7 Qc8 36.Qd5 Bg7 37.Bd1 b4 38.Bg4 Qe8 39.Ra7 bxc3 40.bxc3 Bxc3 41.
Qxc4 Bb4 42.Ra6 Ng5 43.Bf3 Rc8 44.Qd5 Nxf3 45.Kxf3 Rc3+ 46.Kg2 Rc8 47.h4 
Rd8 48.Qc4 Qe5 49.Ra7 Qf6 50.Ra6 Qe5 51.Be3 Qb2+ 1/2-1/2

[Event "XX C.to Italiano UISP A"]
[Site "Camaiore ITA"]
[Date "1999.12.??"]
[Round "2"]
[White "Riccio, Eros"]
[Black "Zucconi, Leandro"]
[Result "1-0"]
[WhiteElo "2096"]
[BlackElo "2180"]
[PlyCount "80"]
[EventDate "1999.12.04"]

1.e4 e6 2.d4 d5 3.Nc3 dxe4 4.Nxe4 Nd7 5.Nf3 Ngf6 6.Bd3 Nxe4 7.Bxe4 Nf6 8.
Bg5 Be7 9.Bxf6 Bxf6 10.O-O O-O 11.c3 a5 12.Qd3 g6 13.Rad1 a4 14.Qc4 Qd6 
15.Rd2 Bd7 16.d5 e5 17.Qe2 Bg7 18.Qe3 f5 19.Bb1 Rae8 20.c4 b6 21.Ne1 f4 
22.Qe2 e4 23.Bxe4 Bf5 24.f3 Qe5 25.Nd3 Qd4+ 26.Nf2 Qc5 27.Qd3 Re7 28.Kh1 
Bd7 29.Qc2 Bd4 30.Nd3 Qd6 31.b4 axb3 32.axb3 Be3 33.Rdd1 Qf6 34.b4 Qh4 35.
Qb2 Rfe8 36.Rde1 Qh5 37.Re2 b5 38.c5 Rxe4 39.fxe4 f3 40.Rxf3 Bg4 1-0

[Event "XX C.to Italiano UISP A"]
[Site "Camaiore ITA"]
[Date "1999.12.??"]
[Round "2"]
[White "Sarno, Spartaco"]
[Black "Gaiba, Paolo"]
[Result "1-0"]
[WhiteElo "2373"]
[BlackElo "2149"]
[PlyCount "99"]
[EventDate "1999.12.04"]

1.c4 e5 2.Nc3 f5 3.g3 Nf6 4.Bg2 Be7 5.d3 O-O 6.Nf3 d6 7.O-O Nc6 8.Rb1 Qe8 
9.e3 Bd7 10.b4 Qc8 11.Qb3 Kh8 12.Nd5 Bd8 13.Bb2 Ne7 14.Nxf6 Rxf6 15.Nd2 
Bc6 16.f4 Bxg2 17.Kxg2 Rh6 18.Nf3 Ng6 19.c5 Bf6 20.cxd6 cxd6 21.Rbc1 Qd7 
22.Rf2 Re8 23.Qd5 Ne7 24.Qf7 exf4 25.exf4 Bxb2 26.Rxb2 Rf6 27.Qb3 h6 28.
Rbc2 Qb5 29.Re1 Ng8 30.Nd4 Qd7 31.Rc7 Qd8 32.Rxe8 Qxe8 33.Qc3 Ne7 34.Qe1 
Rf7 35.Qe6 b6 36.Kf2 Qf8 37.Nb5 Kh7 38.Nxa7 d5 39.Nc6 Nxc6 40.Qxf7 Qxf7 
41.Rxf7 Nxb4 42.Ke2 Nxa2 43.Kd2 d4 44.Rb7 Nc3 45.Rxb6 Nd5 46.Rb5 Ne3 47.
Ke2 Kg6 48.Rb4 Kh5 49.Rxd4 Nc2 50.Ra4 1-0

[Event "XX C.to Italiano UISP A"]
[Site "Camaiore ITA"]
[Date "1999.12.??"]
[Round "2"]
[White "Scalcione, Michelangelo"]
[Black "Ottavi, Marco"]
[Result "1-0"]
[WhiteElo "2177"]
[BlackElo "1924"]
[PlyCount "112"]
[EventDate "1999.12.04"]

1.Nf3 Nf6 2.c4 e6 3.Nc3 c5 4.g3 Nc6 5.Bg2 Be7 6.O-O O-O 7.d4 cxd4 8.Nxd4 
a6 9.e4 Qc7 10.Nxc6 dxc6 11.f4 e5 12.f5 Rd8 13.Qf3 b5 14.g4 bxc4 15.Be3 
Rd3 16.Rad1 Rxe3 17.Qxe3 Nxg4 18.Qg3 Bc5+ 19.Kh1 Ne3 20.Rd2 Nxf1 21.Bxf1 
Bb7 22.Bxc4 Be7 23.Rg2 Bf6 24.h4 Rd8 25.h5 h6 26.Qg6 Kf8 27.Qh7 Qd6 28.b3 
Ke7 29.Ne2 Qd1+ 30.Kh2 Qe1 31.Ng3 c5 32.Re2 Rd2 33.Qg8 Rxe2+ 34.Nxe2 Qh4+ 
35.Kg1 Qxh5 36.Ng3 Qd1+ 37.Kg2 Qd7 38.Qxf7+ Kd8 39.Qf8+ Kc7 40.Qxc5+ Qc6 
41.Qxc6+ Kxc6 42.Bd5+ Kc7 43.Bxb7 Kxb7 44.Kf3 Kc6 45.Ke3 Kc5 46.Kd3 Kb4 
47.Kc2 Ka3 48.Kb1 a5 49.Nh5 a4 50.bxa4 Kxa4 51.Kc2 Ka3 52.Kc3 Kxa2 53.Kc4 
Kb2 54.Kd5 Kc3 55.Ke6 Bh4 56.Kxe5 Bf2 1-0